| 000 | 00392nam a22001457a 4500 | ||
|---|---|---|---|
| 003 | OSt | ||
| 008 | 250916b |||||||| |||| 00| 0 eng d | ||
| 020 | _a9 789356 813991 | ||
| 041 | _aeng | ||
| 082 |
_a658.0076 _bPUR/CA |
||
| 100 |
_aPuri, Gautam _97841 |
||
| 245 |
_aCAT 2025: _bData Interpretation & Logical Reasoning |
||
| 260 |
_aFaridabad: _bGK Publications (P) Ltd, _c2025. |
||
| 942 | _cBK | ||
| 999 |
_c19522 _d19522 |
||